LEADER 02303nam a2200325 a 4500 001 000000118347 003 CaOOAMICUS 005 20100407160201.0 008 091126m20092010it u000 ubita r 040 $aPUL$bita$dReb 245 00$aStoria del cinema mondiale. 260 $aMilano :$bIl Sole 24 ore,$c©2009$aTorino :$bGiulio Einaudi 300 $av. <1-18> ;$c22 cm. 500 $aEdizione speciale per il Sole 24 Ore. Pubblicata su licenza di Giulio Einaudi editore. 504 $aInclude riferimenti bibliografici ed indice. 650 4$aCinema$xStoria e critica.$0(OLS)http://pul/subject/23448 774 1 $tEuropa. Miti, luoghi, divi.$dMilano : Il Sole 24 ore, ©2009 Torino : Giulio Einaudi $w()120318 774 1 $tStati Uniti.$dMilano : Il Sole 24 ore, ©2009 Torino : Giulio Einaudi $w()120319 774 1 $tEuropa. Le cinematografie nazionali.$dMilano : Il Sole 24 ore, ©2009 Torino : Giulio Einaudi $w()120320 774 1 $tAmeriche, Africa, Asia, Oceania. Le cinematografie nazionali.$dMilano : Il Sole 24 ore, ©2009 Torino : Giulio Einaudi $w()120321 774 1 $tTeorie, strumenti, memorie.$dMilano : Il Sole 24 ore, ©2009 Torino : Giulio Einaudi $w()120323 774 1 $aBrunetta, Gian Piero.$tCinema muto italiano. Da "la presa di Roma" a "Sole".$dMilano : Il Sole 24 ore, ©2010 Torino : Giulio Einaudi $w()120324 774 1 $aBrunetta, Gian Piero.$tCinema italiano di regime. Da "la canzone dell'amore" a "Ossessione".$dMilano : Il Sole 24 ore, ©2010 Torino : Giulio Einaudi $w()120326 774 1 $aBrunetta, Gian Piero.$tCinema neorealista italiano. Da "Roma cittą aperta" a "I soliti ignoti".$dMilano : Il Sole 24 ore, ©2010 Torino : Giulio Einaudi $w()120327 774 1 $aBrunetta, Gian Piero.$tCinema neorealista italiano. Storia economica, politica e culturale.$dMilano : Il Sole 24 ore, ©2010 Roma ; Bari : Editori Laterza $w()121031 774 1 $aBrunetta, Gian Piero.$tCinema italiano contemporaneo. Da "La dolce vita" a "Centochiodi".$dMilano : Il Sole 24 ore, ©2010 Roma ; Bari : Editori Laterza $w()121032 941 1 $a9 996 $6245$aStoria del cinema mondiale$9(OLS)http://pul/title/148933 996 $6260$aMilano :$bIl Sole 24 ore$9(OLS)http://pul/publisher/69212 996 $6260$aTorino :$bGiulio Einaudi$9(OLS)http://pul/publisher/54573 LEADER 01022nam a2200241 u 4500 001 000000062804 003 CaOOAMICUS 005 20070226121156.0 008 011010s1985 it u000 u fre u 035 $a10905861 040 $aPUL(R)$bita 110 2 $aCarmelitani.$0(OLS)http://pul/name/273 245 13$aLa culture carmelitaine aujourd'hui :$belements, exigences, possibilites : document de travail. 246 34$aDe cultura ordinis :$bdocumentum laboris 260 $aRome :$b[s.n.],$c1985. 300 $a102 p. ;$c22 cm 850 $aPUL 852 $aPUL$W1$xSL Religione 1$y3$m42 D 34$j81588$nBK-PRI$b $qStampati$B81588$CPULBib$Z2$F81588 $H $81 941 1 $a8 961 $aINV: 54091 996 $6245$aLa culture carmelitaine aujourd'hui :$belements, exigences, possibilites : document de travail$9(OLS)http://pul/title/83764 996 $6246$aDe cultura ordinis :$bdocumentum laboris$9(OLS)http://pul/title/83765 996 $6260$aRome :$b[s.n.]$9(OLS)http://pul/publisher/52450